000 01007nam a22002537a 4500
005 20240530110859.0
008 220202s2006 jo abk|g 000 0 ara d
017 _a2005/7/1724
_bالاردن. دائرة المكتبة الوطنية
040 _aEG-CaGPL
_cEG-CaGPL
082 0 4 _221
_a304.6/
_bم ج
100 0 _aمحمد فوزى حلوه
245 1 2 _aالجغرافيا السكانية والموارد البشرية /
_cاعداد محمد فوزى حلوه
250 _aط.1
260 _aعمان :
_bمكتبة المجتمع العربى للنشر والتوزيع،
_c2006.
300 _a167 ص. :
_bايض ؛
_c24 سم.
650 0 7 _2qrmak
_aالجغرافيا السكانية
650 0 7 _2qrmak
_aالجغرافيا البشرية
650 0 7 _2qrmak
_aالمشاكل السكانية
650 0 7 _2qrmak
_aالبيئة والانسان
650 0 7 _2qrmak
_aالموارد البشرية
651 _2qrmak
942 _2ddc
_cBK
999 _c66102
_d66102